Online
Catalog

Narrativa francesa : (Record no. 4462)

MARC details
000 -CABECERA
campo de control de longitud fija 00661cam a2200193 a 4500
001 - NÚMERO DE CONTROL
campo de control 000004656
005 - FECHA Y HORA DE LA ÚLTIMA TRANSACCIÓN
campo de control 20200929151458.0
008 - DATOS DE LONGITUD FIJA--INFORMACIÓN GENERAL
campo de control de longitud fija 840121s1971 sp 001 0 spa
040 ## - FUENTE DE LA CATALOGACIÓN
Centro catalogador/agencia de origen DO-SdBNP
Lengua de catalogación spa
Centro/agencia transcriptor BNPHU
082 ## - NÚMERO DE LA CLASIFICACIÓN DECIMAL DEWEY
Número de clasificación Ar860.4
Número de documento/Ítem G931n
100 1# - ENTRADA PRINCIPAL--NOMBRE DE PERSONA
Nombre de persona Guereña, Jacinto Luis,
Fechas asociadas al nombre 1915-[2009].
9 (RLIN) 13587
245 10 - MENCIÓN DE TÍTULO
Título Narrativa francesa :
Resto del título 1850-1970 /
Mención de responsabilidad, etc. Jacinto Luis Guereña.
260 ## - PUBLICACIÓN, DISTRIBUCIÓN, ETC.
Lugar de publicación, distribución, etc. Madrid :
Nombre del editor, distribuidor, etc. E.P.S.A.,
Fecha de publicación, distribución, etc. 1971.
300 ## - DESCRIPCIÓN FÍSICA
Extensión 224 p. ;
Dimensiones 17 cm.
490 1# - MENCIÓN DE SERIE
Mención de serie Panoramas
Designación de volumen o secuencia 3-p
490 1# - MENCIÓN DE SERIE
Mención de serie Grandes Escritores Comteporáneas ;
Designación de volumen o secuencia no. 47.
650 #4 - PUNTO DE ACCESO ADICIONAL DE MATERIA--TÉRMINO DE MATERIA
Término de materia o nombre geográfico como elemento de entrada Literatura argentina
Subdivisión general Historia y crítica
9 (RLIN) 13588
830 #0 - PUNTO DE ACCESO ADICIONAL DE SERIE-TÍTULO UNIFORME
Título uniforme Grandes Escritores Comteporáneas ;
Designación de volumen o secuencia no. 47.
9 (RLIN) 13589
Holdings
Estado de retiro Estado de pérdida Restricciones de uso No para préstamo Código de colección Localización permanente Ubicación/localización actual Ubicación en estantería Fecha de adquisición Número de inventario Total de préstamos Signatura topográfica completa Código de barras Fecha visto por última vez Precio válido a partir de Tipo de ítem Koha
    Préstamo interno   Monografías: Libros y Folletos General General En catalogación 24.07.2009 LF1   Ar860.4 G931n 4656-10 25.06.2020 25.06.2020 Préstamo interno

Powered by Koha